Discurso leído en la Universidad Literaria de Sevilla en el acto solemne de la apertura del curso académico de 1899 a 1900 / (Record no. 52462)

MARC details
000 -LEADER
campo de control de longitud fija 00576nam a2200157 i 4500
001 - NÚMERO DE CONTROL
campo de control 52462
003 - IDENTIFICADOR DE NÚMERO DE CONTROL
campo de control ES-MaACL
007 - CAMPO FIJO DE DESCRIPCIÓN FÍSICA--INFORMACIÓN GENERAL
campo de control de longitud fija t|
008 - DATOS DE LONGITUD FIJA--INFORMACIÓN GENERAL
campo de control de longitud fija 030829s1899 sp ||||1| spa d
100 1# - ENTRADA PRINCIPAL--NOMBRE DE PERSONA
Nombre de persona Checa y Sánchez, Ricardo de.
9 (RLIN) 38306
245 10 - MENCIÓN DEL TÍTULO
Título Discurso leído en la Universidad Literaria de Sevilla en el acto solemne de la apertura del curso académico de 1899 a 1900 /
Mención de responsabilidad, etc. por Ricardo de Checa y Sánchez.
260 ## - PUBLICACIÓN, DISTRIBUCIÓN, ETC.
Lugar de publicación, distribución, etc. Sevilla :
Nombre del editor, distribuidor, etc. Fernando de Santiago,
Fecha de publicación, distribución, etc. 1899.
300 ## - DESCRIPCIÓN FÍSICA
Extensión 44 p. ;
Dimensiones 32 cm.
710 2# - ENTRADA AGREGADA--NOMBRE DE ENTIDAD CORPORATIVA
Nombre de entidad corporativa o nombre de jurisdicción como elemento de entrada Universidad Literaria de Sevilla.
9 (RLIN) 7391
852 ## - LOCALIZACIÓN
Ubicación ES-MaACL
Número de control de estantería T-913-F-5
Holdings
Estatus retirado Estado de pérdida Estado de daño No para préstamo Colección Biblioteca de origen Biblioteca actual Ubicación en estantería Fecha de adquisición Fuente de adquisición Total de préstamos Signatura topográfica completa Código de barras Visto por última vez Precio de reemplazo Tipo de ítem Koha
        Colección de folletos Biblioteca del Ateneo de Madrid Biblioteca del Ateneo de Madrid Depósito folletos 17/01/2008     T-913-F-5 1055144 23/02/2023 23/02/2023 Folleto